000 00809nam a2200253 a 4500
001 000039686
003 DO-SdBNP
005 20260305073956.0
007 ta
008 130716s1997 dr a 000 0 spa d
040 _aDO-SdBNP
_bspa
_cBNPHU
082 4 _a320.97293
_bF363L, 1997
_222
100 1 _aFernández, Leonel,
_d1953-
_97291
245 1 0 _aLeonel :
_btemas de campaña /
_crecopilación Rafael Núñez.
250 _a2a ed.
260 _aSanto Domingo :
_bAlfa y Omega,
_c1997.
300 _av. :
_bilustraciones ;
_c22 cm.
500 _aLa biblioteca posee el tomo I
590 _aInventariado, 2018/ YL
651 4 _aRepública Dominicana
_xPolítica y gobierno
_y1961-
_9204
700 1 _aNúñez, Rafael
_91366
_erecopilación
910 _aValidado. Control de calidad MFF
942 _2ddc
_cLBS1
999 _c39176
_d39176